Fundamentals of graphics communication / (Record no. 50071)

MARC details
000 -LEADER
fixed length control field 00876pam a2200265 a 4500
001 - CONTROL NUMBER
control field 4452991
003 - CONTROL NUMBER IDENTIFIER
control field OSt
005 - DATE AND TIME OF LATEST TRANSACTION
control field 20170421103510.0
008 - FIXED-LENGTH DATA ELEMENTS--GENERAL INFORMATION
fixed length control field 950816s1996 ilua 001 0 eng
010 ## - LIBRARY OF CONGRESS CONTROL NUMBER
LC control number 95037183
020 ## - INTERNATIONAL STANDARD BOOK NUMBER
International Standard Book Number 9780256124026
040 ## - CATALOGING SOURCE
Original cataloging agency DLC
Transcribing agency DLC
Modifying agency DLC
050 00 - LIBRARY OF CONGRESS CALL NUMBER
Classification number T353
Item number .F97 1996
082 00 - DEWEY DECIMAL CLASSIFICATION NUMBER
Classification number 604.2
Edition number 20
245 00 - TITLE STATEMENT
Title Fundamentals of graphics communication /
Statement of responsibility, etc Gary R. Bertoline ... [et al.].
260 ## - PUBLICATION, DISTRIBUTION, ETC. (IMPRINT)
Place of publication, distribution, etc Chicago :
Name of publisher, distributor, etc Irwin,
Date of publication, distribution, etc 1996
300 ## - PHYSICAL DESCRIPTION
Extent xxiv, 627, 59, 7 p. :
Other physical details ill. (some col.) ;
Dimensions 26 cm.
440 #0 - SERIES STATEMENT/ADDED ENTRY--TITLE
Title Irwin graphics series
500 ## - GENERAL NOTE
General note Includes index.
650 #0 - SUBJECT ADDED ENTRY--TOPICAL TERM
Topical term or geographic name as entry element Engineering graphics.
700 1# - ADDED ENTRY--PERSONAL NAME
Personal name Bertoline, Gary R.
906 ## - LOCAL DATA ELEMENT F, LDF (RLIN)
a 7
b cbc
c orignew
d 1
e ocip
f 19
g y-gencatlg
942 ## - ADDED ENTRY ELEMENTS (KOHA)
Source of classification or shelving scheme Library of Congress Classification
Koha item type Book
Holdings
Withdrawn status Lost status Source of classification or shelving scheme Damaged status Not for loan Collection code Home library Current library Shelving location Date acquired Source of acquisition Cost, normal purchase price Total Checkouts Full call number Barcode Price effective from Koha item type
    Library of Congress Classification     Non-fiction Bishop Okullu Memorial Library (Limuru Campus) Bishop Okullu Memorial Library (Limuru Campus) General Circulation 21/04/2017 Donation-BFA 1800.00   T353 .F97 1996 052789 21/04/2017 Book